| 000 | 01397cam a2200349 i 4500 | ||
|---|---|---|---|
| 001 | 22375155 | ||
| 005 | 20250417100931.0 | ||
| 008 | 220107s2022 enk b 001 0 eng | ||
| 010 | _a 2022930335 | ||
| 020 |
_a9780198860907 _q(paperback) |
||
| 040 |
_aDLC _beng _erda _cDLC |
||
| 042 | _apcc | ||
| 043 | _ae-uk-en | ||
| 050 | 0 | 0 |
_aKD1554 _b.K64 2022 |
| 082 |
_a346.4202 _bATK |
||
| 100 | 1 |
_aMacdonald, Elizabeth _c(Professor of law), _eauthor. _985736 |
|
| 245 | 1 | 0 |
_aKoffman & Macdonald's law of contract / _cElizabeth Macdonald, Professor of Law, Swansea University; Ruth Atkins, Lecturer in Law, Aberystwyth University ; with contributions from Jens Krebs, Senior Lecturer in Law, University of Portsmouth. |
| 246 | 3 | 0 | _aLaw of contract |
| 250 | _aTenth edition. | ||
| 264 | 1 |
_aOxford, United Kingdom : _bOxford University Press, _c[2022] |
|
| 300 |
_aii, 591 pages ; _c25 cm. |
||
| 336 |
_atext _btxt _2rdacontent |
||
| 337 |
_aunmediated _bn _2rdamedia |
||
| 338 |
_avolume _bnc _2rdacarrier |
||
| 504 | _aIncludes bibliographical references and index. | ||
| 650 | 0 |
_aContracts _zEngland. |
|
| 700 | 1 |
_aAtkins, Ruth _q(Ruth Dawn), _eauthor. _985738 |
|
| 700 | 1 |
_aKoffman, Laurence. _tLaw of contract. _985739 |
|
| 906 |
_a7 _bcbc _corigcop _d2 _eepcn _f20 _gy-gencatlg |
||
| 942 |
_2ddc _cBK |
||
| 999 |
_c613632 _d613632 |
||